| 000 | 00328nam a2200109Ia 4500 | ||
|---|---|---|---|
| 008 | 171211s9999 xx 000 0 und d | ||
| 245 | 4 | _aThe Handbook of Insurance-Linked Securities | |
| 245 | _cLuca Albertini and Pauline Barrieu | ||
| 260 | _c2009 | ||
| 650 | _xECONOMICS | ||
| 856 | _uhttp://down.ebook777.com/063/0470743832.pdf | ||
| 999 |
_c349556 _d349556 |
||